Rajeev Bhargava, reimagining Indian secularism (Record no. 532028)
[ view plain ]
| 000 -LEADER | |
|---|---|
| fixed length control field | 00581nam a22001457a 4500 |
| 008 - FIXED-LENGTH DATA ELEMENTS--GENERAL INFORMATION | |
| fixed length control field | 251127b ||||| |||| 00| 0 eng d |
| 100 ## - MAIN ENTRY--PERSONAL NAME | |
| Personal name | Sumbria, Vanshika |
| 245 ## - TITLE STATEMENT | |
| Title | Rajeev Bhargava, reimagining Indian secularism |
| 260 ## - PUBLICATION, DISTRIBUTION, ETC. (IMPRINT) | |
| Place of publication, distribution, etc | Indian Journal of Public Administration |
| 300 ## - PHYSICAL DESCRIPTION | |
| Extent | 71(3), Sep, 2025: p.669-672 |
| 520 ## - SUMMARY, ETC. | |
| Summary, etc | 2023, 76 pp., ₹299, Seagull Books. ISBN: 9781803092898.- Reproduced https://journals.sagepub.com/doi/full/10.1177/00195561251367632 |
| 773 ## - HOST ITEM ENTRY | |
| Main entry heading | Indian Journal of Public Administration |
| 906 ## - LOCAL DATA ELEMENT F, LDF (RLIN) | |
| Subject DIP | BOOK REVIEW |
| 942 ## - ADDED ENTRY ELEMENTS (KOHA) | |
| Item type | Articles |
| Withdrawn status | Lost status | Source of classification or shelving scheme | Damaged status | Not for loan | Permanent location | Current location | Date acquired | Serial Enumeration / chronology | Barcode | Date last seen | Koha item type |
|---|---|---|---|---|---|---|---|---|---|---|---|
| Indian Institute of Public Administration | Indian Institute of Public Administration | 2025-11-27 | 71(3), Sep, 2025: p.669-672 | AR137667 | 2025-11-27 | Articles |
